| 000 | 00945njm a22002537a 4500 | ||
|---|---|---|---|
| 005 | 20100908160128.0 | ||
| 007 | sd ammalaaahaa | ||
| 008 | 100830t xxu||||| |||| 00| 0 eng d | ||
| 028 |
_aSX.1397 _bColumbia |
||
| 035 | _aGR-01416 | ||
| 040 |
_aSED _cSED |
||
| 100 |
_aShapiro,Helen _918698 |
||
| 245 |
_aTop's with me / _cby Helen Shapiro,Martin [and] his orchetra _h[sound recording]: |
||
| 260 |
_aDum Dum, India: _bColumbia |
||
| 300 |
_a1 sound disc [GramphoneRecording]: _banalog,33.1/3 rpm _c12.5 in.(LP) _fGramphones Records |
||
| 500 | _aBrief Record | ||
| 505 | _aSide 1 Little devil (Sedaka-green field ) Side 2 Lipstick on your collar (Lewis-gorhring) | ||
| 650 |
_xExperts _zIndia _917446 _aMotion picture music |
||
| 700 |
_aMartin _918760 |
||
| 700 |
_aBhosle,Asha _919004 |
||
| 700 |
_aJaikishan,Shankar _918992 |
||
| 942 |
_2ddc _cGR |
||
| 999 |
_c44613 _d44613 |
||